[Event "BCF-ch 89th"]
[Site "Torquay"]
[Date "2002.07.29"]
[Round "1"]
[White "Hebden, Mark"]
[Black "Pert, Richard G"]
[Result "1-0"]
[WhiteElo "2534"]
[BlackElo "2357"]
[Annotator "Finkel,A"]
[PlyCount "95"]
[EventDate "2002.07.29"]
[EventType "swiss"]
[EventRounds "11"]
[EventCountry "ENG"]
[SourceTitle "CBM 091"]
[Source "ChessBase"]
[SourceDate "2002.11.12"]
[SourceVersion "1"]
[SourceVersionDate "2002.11.12"]
[SourceQuality "1"]

1. d4 Nf6 2. Nf3 g6 3. Nc3 d5 4. Bf4 Bg7 5. e3 O-O 6. Be2 c5 7. Ne5 Be6 {
One of many possible moves leading to equality.} (7... Qb6 8. Na4 (8. O-O cxd4
9. exd4 Bf5 10. Rb1 Nc6 11. Nxc6 Qxc6 12. Bb5 Qb6 13. Be5 Rfd8 14. Qe2 Rac8 $11
{Soloviev,V-Vladimirov,B/Gorky 1954}) 8... Qa5+ 9. c3 Nfd7 10. Nxc5 Nxc5 11.
dxc5 Qxc5 12. Nd3 Qa5 13. Be5 f6 14. Bxb8 Rxb8 15. Qb3 Be6 16. Bf3 Bf7 $15 {
Okhotnik,V-Zezulkin,J/Litomysl 1997}) (7... cxd4 8. exd4 Nc6 (8... e6 9. O-O
Nfd7 10. Re1 Nxe5 11. Bxe5 Bh6 12. Nb5 Nc6 13. Bd6 Re8 14. Bg3 $14 {Balashov,
Y-Gufeld,E/URS 1969}) (8... Qb6 9. O-O e6 10. a4 a6 11. Qd2 Bd7 12. a5 Qb4 13.
Ra3 Bc6 14. Rfa1 Nfd7 15. Rb3 Qe7 16. Nf3 $14 {Hebden,M-Guadalpi,D/France 1997}
) 9. O-O e6 10. Qd2 Re8 11. Rfe1 Nxe5 12. Bxe5 Bd7 13. Qf4 Rc8 14. Rac1 a6 15.
Bf3 Bc6 16. h4 Nd7 17. Bxg7 Kxg7 18. g3 {1/2-1/2 Mohr,G-Lalic,B/Pula 2000/CBM
78 ext (18)}) (7... b6 8. O-O Bb7 9. Bg3 Nfd7 10. Qd2 Nxe5 11. dxe5 Nc6 12.
Qxd5 Qc8 13. Bf3 Rb8 $11 {Jenei,F-Portisch,L/HUN-ch 1955}) 8. O-O (8. h4 Qa5 9.
Qd2 Nfd7 10. Nxd7 Nxd7 11. h5 Rac8 12. O-O-O Nb6 $132 {Hjelm,N-Franssila,T/
Jyvaskyla 1999}) 8... Nbd7 9. a4 Rc8 10. a5 Ne4 $5 (10... Nxe5 11. Bxe5 Nd7 12.
Bxg7 Kxg7 13. Bf3 Nf6 $11) 11. Nxe4 dxe4 12. Nxd7 Qxd7 13. c3 cxd4 14. exd4 {
Also after} (14. cxd4 Bc4 15. Rc1 Bxe2 16. Qxe2 Rxc1 17. Rxc1 Rc8 $11 {the
position remained equal}) 14... Bd5 (14... Bc4 $6 15. Bxc4 Rxc4 16. Qe2 Qd5 17.
Rae1 $1 f5 (17... e6 18. Qxe4 Qxe4 19. Rxe4 Ra4 20. b4 Rc8 21. Bd2 Ra2 22. Rd1
b6 23. axb6 axb6 24. f3 b5 $14) 18. f3 exf3 19. Rxf3 $14 {[%csl Re7]}) 15. Qd2
Rfe8 16. Qe3 Qf5 (16... Qc6 17. Rfe1 e5 18. dxe5 {[%csl Ra7]} a6 (18... Bxe5
19. Bxe5 Rxe5 20. Qxa7 e3 21. f3) 19. Rad1 Bxe5 20. Bxe5 Rxe5 21. Rd4 $14) 17.
h3 Qe6 18. f3 Qc6 (18... exf3 19. Qxe6 Bxe6 20. Bxf3 Bc4 21. Bxb7 Bxf1 22. Bxc8
Bxg2 23. Bd7 Rd8 24. Kxg2 Rxd7 25. a6 $14 {[%csl Ra7][%cal Ga1a5,Ga5b5,Gf4b8]})
19. fxe4 Bxe4 20. Rf2 a6 21. Raf1 f5 22. g4 Qd5 $6 {Black doesn't take a
chance to transfer ...e5} (22... e5 23. dxe5 Bxe5 24. gxf5 gxf5 25. Bxe5 Rxe5
26. Kh2 (26. Qg3+ Qg6 $11) 26... Kh8 $132) 23. gxf5 Bxf5 24. Bf3 Qb5 $1 (24...
Qd7 25. Bg2 $16) 25. Re1 Bf6 (25... Bxh3 26. Bxb7 Qxb7 27. Qxh3 $16 {[%cal
Gf2h2]}) 26. Bg2 Bd7 27. Be5 Bc6 {Better was} (27... Bxe5 $1 28. Qxe5 Qxe5 29.
Rxe5 Bc6 30. d5 Bd7 31. Rf4 $14 {[%cal Gc4b4,Gf4b4] with defendable position.})
28. Bxc6 Qxc6 29. Qh6 $1 $16 {[%cal Gh3h5,Ge1e3,Ge3g3]} Qe6 30. Re3 Qf7 31. Qf4
Rf8 32. Qe4 Qb3 33. Ref3 Qe6 (33... Rc6 34. d5 Rc4 35. Bd4 Rf7 36. Qe6 $16) 34.
Qxb7 Bxe5 35. dxe5 Qxe5 $6 (35... Rxf3 36. Rxf3 (36. Qxf3 Qxe5 $13) 36... Rd8
37. b4 Rd1+ 38. Kg2 Rd2+ 39. Rf2 Rxf2+ 40. Kxf2 Qxh3 41. Qxa6 $16) 36. Qxa6
Rcd8 37. Qc4+ e6 38. Rxf8+ Rxf8 39. Rxf8+ Kxf8 40. a6 $18 {The endgame is
easily winning for white.} Qg3+ 41. Kf1 Qxh3+ 42. Ke1 Qe3+ 43. Kd1 e5 44. Kc2
e4 45. Kb3 Qf3 46. a7 Qd1+ (46... e3 47. Qc8+ Kg7 48. a8=Q $18) 47. Ka2 Qd8 48.
Qb4+ $1 1-0

[Event "Drammen Smartfish Masters"]
[Site "Drammen"]
[Date "2005.01.02"]
[Round "6"]
[White "Stefanova, Antoaneta"]
[Black "Carlsen, Magnus"]
[Result "1/2-1/2"]
[WhiteElo "2523"]
[BlackElo "2581"]
[Annotator "Finkel,A"]
[PlyCount "153"]
[EventDate "2004.12.27"]
[EventType "tourn"]
[EventRounds "9"]
[EventCountry "NOR"]
[EventCategory "14"]
[SourceTitle "CBM 105"]
[Source "ChessBase"]
[SourceDate "2005.04.11"]
[SourceVersion "1"]
[SourceVersionDate "2005.04.11"]
[SourceQuality "1"]

1. d4 Nf6 2. Bg5 d5 3. e3 {Antoanetta Stefanova is probably an only world
champion in the history of ches who was too lazy to study openings!
Nevertheless she suceeds to perform at the very high level time after time.
The following game is not an exeption- white has got completely nothing after
the opening and managed to outplay her opponent in the tricky middlegame
struggle.} c5 4. Nd2 Nc6 5. Ngf3 cxd4 (5... Bg4 6. c3 e6 7. Qa4 Bxf3 8. Nxf3
Qb6 9. Bb5 a6 10. Bxc6+ Qxc6 11. Qxc6+ bxc6 $11 {Zimmermann,W-Juglard,E/France
1989}) (5... Qb6 6. dxc5 $6 Qxb2 7. c4 Nb4 8. Rb1 Nc2+ 9. Ke2 Qxa2 10. Bxf6
exf6 11. Nd4 Nxd4+ 12. exd4 dxc4 $15 {Berend,F-Schwartzman,G/Cannes 1992}) 6.
exd4 Qb6 $5 7. Nb3 {It's quite unusual for the knight to be placed on b3, but
it turns out to be not such a bad spot.} Ne4 8. Bf4 Bg4 9. Be2 a5 10. a4 e6 11.
O-O Bd6 ({Deserved attention} 11... Bxf3 12. Bxf3 Bd6 13. Be3 Nf6 (13... f5 14.
Bxe4 fxe4 15. Qg4 $16 {[%csl Re6,Rg7]}) 14. c4 Qc7 $13 {with complicated
struggle.}) 12. Ne5 Bxe2 13. Qxe2 Qc7 14. f3 Nf6 15. Rae1 O-O (15... Nd7 $2 16.
Nxf7 {[%csl Re8]} Bxf4 17. Qxe6+ Kf8 18. Nxh8 $18) 16. Bg5 $1 $14 {[%cal Gf3f5,
Gf1f3,Gf3h3] white's got a clear plan to improve his position, while it'not so
easy fr black to come up with active counterplay.} Nd7 (16... Bxe5 $6 17. dxe5
Nd7 18. f4 Nb6 19. Qg4 Kh8 20. Re3 Nxa4 21. Rh3 $18 {[%csl Rh8]}) 17. f4 Rae8 {
Threatening to push f6.} (17... Nb6) 18. Bh4 f6 $6 {[%csl Re6] Creating to
himself a weakness on e6.} (18... Nb6) 19. Nxd7 Qxd7 20. Qb5 Qc7 21. Bg3 f5 (
21... Na7 $6 22. Qxa5 Qxc2 23. Qb6 Nc8 24. Qxb7 Qxb2 25. Qb5 $14) 22. Rf3 Bb4
$6 (22... Na7 $6 23. Qxa5 Qxa5 24. Nxa5 Bb4 25. Nxb7 Bxe1 26. Bxe1 Rb8 27. Rb3
$16) 23. c3 Na7 24. Qe2 {[%csl Re6][%cal Gb3c1,Gc1d3,Gd3e5]} Bd6 25. Nc1 Nc8
26. Nd3 Nb6 27. Bh4 $1 {[%csl Gf6] Less convincing was} (27. Re3 Rf6 28. Bh4
Rg6 29. Ne5 Bxe5 30. Rxe5 Qc6 31. Rxf5 Nxa4 32. Re5 Rf8 $14) 27... Nd7 $6 (
27... Nxa4 28. Re3 Qd7 29. Rxe6 Rxe6 30. Qxe6+ Qxe6 31. Rxe6 Bc7 32. Kf2 Rc8
33. h3 $14) 28. Re3 Nf6 29. Rxe6 Ne4 30. Rxe8 Rxe8 31. Ne5 Bxe5 32. dxe5 Qc6
33. Qb5 $6 {By trading the queens white loses major part of the advantage.} (
33. Rd1 $5 Qxa4 34. Qd3 Nc5 35. Qxd5+ Ne6 36. Bf2 Qxf4 37. Qb5 Re7 38. Qxa5 $16
) 33... Qxb5 34. axb5 Kf7 35. Bf2 (35. Ra1 b6 36. Bf2 Nxf2 (36... Rb8 $5) 37.
Kxf2 Rc8 38. b4 $1 axb4 39. cxb4 Rc4 40. Ra7+ Kg6 41. g3 Rxb4 42. Ke3 Rxb5 43.
Kd4 Rb2 44. Kxd5 Rxh2 $14) 35... a4 36. Ra1 Ra8 37. Be3 (37. Bd4 Ke6 38. Ra3
Nd2 $132 {[%cal Gd2c4,Ga8a5]}) 37... a3 $5 38. bxa3 (38. Rxa3 Rxa3 39. bxa3
Nxc3 40. b6 d4 41. Bd2 Nd5 $15) 38... Nxc3 39. Kf1 Ke6 (39... Nxb5 40. Rb1 Rxa3
41. Rxb5 Rxe3 42. Rxb7+ Kg6 $11) 40. b6 Ra4 {[%cal Gd5d4]} 41. Bd2 d4 42. Rc1
Nd5 $2 (42... Rxa3 43. Bxc3 dxc3 44. Ke2 Rb3 $11) 43. Rc8 $16 Nxb6 (43... Rxa3
44. Rd8 Ra2 45. Rd6+ Ke7 46. Rxd5 Rxd2 47. Rc5 $16) 44. Rd8 Nc4 45. Bb4 Ne3+
46. Ke2 Ra6 47. g3 $1 (47. Rxd4 Nxg2 48. Kf2 Nh4 49. Rd8 Rc6 $14) 47... Rc6 48.
Kd3 g5 49. Kxd4 gxf4 50. Re8+ $6 (50. gxf4 $1 Nc2+ (50... Ng2 51. Re8+ Kd7 52.
Re7+ Kc8 53. e6 Nxf4 54. Re8+ Kc7 55. Ke5 $18) 51. Kd3 Nxb4+ 52. axb4 b5 53.
Rf8 $18) 50... Kd7 51. Re7+ Kd8 52. Rxh7 Rc4+ 53. Kd3 b5 54. e6 Re4 55. e7+ Kd7
56. gxf4 (56. Rh8 f3 57. Rd8+ Kc7 58. Rd4 $1 (58. e8=Q Rxe8 59. Rxe8 f2 60.
Kxe3 f1=Q $11) 58... Rxe7 (58... f2 59. Rxe4 f1=Q+ 60. Kxe3 Qg1+ 61. Kf4 Qf2+
62. Kg5 $18) 59. Rf4 (59. Bxe7 f2 60. Rf4 f1=Q+ 61. Rxf1 Nxf1 62. h4 Nxg3 63.
Ke3 Kd7 $11) 59... Re5 60. Rxf3 $16) 56... Nd5 57. Bc5 Nxf4+ 58. Kd2 Ne6 59.
Bb4 Nd4 60. Rf7 Nc6 61. Bc3 (61. Rxf5 Nxb4 62. axb4 Rxb4 63. Re5 Ke8 $11) 61...
Rxe7 62. Rxf5 Rh7 63. Rxb5 (63. Rf2 Rh3) 63... Rxh2+ $11 64. Kd3 Rh3+ 65. Kc2
Rh2+ 66. Kb3 Rh3 67. Rd5+ Kc7 68. a4 Kb6 69. Rg5 Na5+ 70. Kc2 Rh2+ 71. Kd3 Rh3+
72. Kc2 Rh2+ 73. Kd3 Rh3+ 74. Kd4 Rh4+ 75. Kd5 Rxa4 76. Rg6+ Kb5 77. Bxa5
1/2-1/2

[Event "Solin 12th"]
[Site "Solin/Split"]
[Date "2004.12.12"]
[Round "9"]
[White "Kovacevic, Blazimir"]
[Black "Romanishin, Oleg M"]
[Result "0-1"]
[WhiteElo "2503"]
[BlackElo "2543"]
[Annotator "Finkel,A"]
[PlyCount "118"]
[EventDate "2004.12.03"]
[EventType "tourn"]
[EventRounds "9"]
[EventCountry "CRO"]
[EventCategory "10"]
[SourceTitle "CBM 105"]
[Source "ChessBase"]
[SourceDate "2005.04.11"]
[SourceVersion "1"]
[SourceVersionDate "2005.04.11"]
[SourceQuality "1"]

1. d4 Nf6 2. Bg5 d5 3. e3 Nbd7 4. Nd2 c6 5. f4 $5 {White's idea is to play
stonewall set up with the bishop on g5.} Qb6 (5... g6 6. Bd3 Bg7 7. Ngf3 (7.
Nh3 Nb6 8. Qf3 Bf5 9. Bxf5 gxf5 10. Bxf6 Bxf6 11. Qh5 Qd7 12. Ng5 Bxg5 13. fxg5
Qe6 $15 {Huch,R-Riediger,M/Furth 1999}) 7... c5 8. c3 Qb6 9. Rb1 Ng4 10. Qe2 f6
11. Bh4 O-O 12. O-O Re8 13. e4 $14 {Becking,S-Meyer,P/Germany 1998/GER-chT2}) (
5... Ne4 6. Nxe4 dxe4 7. Qd2 h6 8. Bh4 g5 9. fxg5 e6 10. g4 hxg5 11. Bg3 Nf6
12. Bg2 Bd6 $132 {Davies,N-Van der Weide,K/Reykjavik 1998}) 6. Rb1 g6 (6... h6
$6 7. Bh4 g6 8. Bd3 Bg7 9. Ngf3 Nf8 10. O-O Bg4 11. h3 Bf5 12. Ne5 $14 {
Tu Hoang Thong-Jiravorasuk,B/Ho Chi Minh City 2003}) 7. Bd3 (7. Bxf6 Nxf6 8.
Bd3 Bg7 9. Ngf3 O-O 10. Ne5 c5 11. c3 Nd7 12. Nxd7 Bxd7 $11 {Quizon,L-Kudrina,
A/Mallorca 2004}) 7... Bg7 8. Nh3 {The knight is better placed on f3, but
white wants to keep square f3 for his major pieces.} c5 9. c3 Qe6 $5 {[%csl
Re3] Intending to capture on d4 on the next move.} 10. f5 $5 {[%csl Ge3] White
is playing an opening in a very creative manner.} (10. Qf3 cxd4 11. cxd4 h6 12.
Bh4 Ng4 13. Nf1 Nb6 $13) 10... gxf5 11. O-O Ne4 12. Nf4 Qd6 13. Bxe4 $1 {
Intending to punish black for queen's manouvres.} (13. Nh5 Bf8 (13... Qg6 14.
Nxg7+ Qxg7 15. Bf4 Rg8 16. g3 (16. Qe2 $6 Qxg2+ 17. Qxg2 Rxg2+ 18. Kxg2 Nxd2
19. Bxf5 Nf6 $15) 16... c4 17. Bc2 Ndf6 $13) 14. Rxf5 Nxg5 15. Rxg5 Qh6 16. Rg3
e6 $132) 13... fxe4 14. c4 Bf6 $1 {[%csl Ge7]} (14... h6 15. Bh4 (15. Bxe7 $2
Qxe7 16. Nxd5 Qd8 17. Nxe4 O-O $17) 15... cxd4 $2 16. Nxd5 dxe3 17. Nxe4 $40 {
[%csl Rc7,Re7]}) 15. Bxf6 Nxf6 16. cxd5 (16. Nxd5 Nxd5 17. cxd5 Qxd5 18. dxc5
Qxc5 19. Qa4+ Bd7 20. Qxe4 Bc6 21. Qf4 O-O-O $13) 16... cxd4 $13 {Opening
complications resulted in the position of dynamic balance.} 17. Qa4+ Bd7 18.
Qxd4 Qb6 19. Qe5 Qd6 (19... Qxe3+ $2 20. Kh1 Qxd2 21. Nh5 $1 {[%csl Re8]} O-O-O
22. Rbc1+ Bc6 23. dxc6 Nxh5 24. cxb7+ Kxb7 25. Qb5+ Ka8 26. Qc6+ Kb8 27. Rc5
$18) 20. Qd4 (20. Nc4 Qxe5 21. Nxe5 Rg8 $1 22. Rbc1 Rg5 $11) 20... Qb6 21. Rbc1
$5 {White isn't satisfied with a draw, so he deviates from the repitition of
the moves.} (21. Qe5 Qd6 $11) (21. Qxb6 axb6 22. a3 Bb5 23. Rfd1 Kd7 24. Rbc1
Rhc8 $13) 21... Qxd4 22. exd4 {[%csl Rd4,Rd5]} Rc8 23. Rxc8+ Bxc8 24. Rc1 Kd8
25. Nc4 Ne8 26. Re1 ({May be more accurate was} 26. Kf2 $5 Nd6 (26... Bf5 $6
27. g4 Bxg4 28. Ne5 Rg8 29. Nxf7+ $14) 27. Ke3 Nxc4+ 28. Rxc4 Bf5 29. Ne2 Rg8
30. Ng3 $14 {with minimal advantage for white.}) 26... Bf5 27. Ne2 Nd6 28. Ng3
Bg6 (28... Nxc4 $5 29. Nxf5 Nb6 30. d6 e6 31. Nh6 Rf8 32. Rxe4 Nc4 33. Rg4 Nxd6
34. Rg7 Ke7 35. Rxh7 Rc8 $132) 29. b3 Rg8 30. Kf2 f5 31. Ne2 (31. Nxd6 exd6 32.
Ke3 h5 33. Rf1 Rf8 34. Rf4 $11) 31... Bf7 32. Nf4 Rf8 33. Ne5 Bg8 34. a4 $6 (
34. Rc1 $5) 34... Ne8 $5 {[%csl Rd5][%cal Ge8c7,Ge8f6]} 35. Rc1 (35. Ne6+ $5
Bxe6 36. dxe6 Kc7 37. Nf7 Kc6 38. Rc1+ Kd5 39. Rc8 Kxe6 40. Ng5+ Kd7 41. Rb8
$13) 35... Nc7 36. Rc5 Rf6 $1 {[%csl Rb3][%cal Gf6b6]} 37. Ke3 $2 {[%csl Rb3,
Rd5] Blundering the pawn.} (37. a5 {[%csl Gb6]}) 37... Rb6 38. Rc3 Nxd5+ 39.
Nxd5 Bxd5 40. Kf4 Rxb3 $19 41. Rc5 Be6 $6 (41... e6 42. Nf7+ Ke8 43. Rc7 e3 44.
Nd6+ Kd8 $19) 42. a5 Bg8 $2 43. Kxf5 e3 44. Rc2 Bd5 45. g4 (45. Kf4) 45... Ra3
46. Re2 Ra4 47. Rxe3 e6+ $6 48. Kf6 $44 Rxd4 49. Kg7 $2 (49. Rh3 $1 Rf4+ 50.
Kg5 Ra4 51. Rxh7 Rxa5 52. h4 $13) 49... Re4 50. Nf7+ Ke7 $19 51. Rg3 (51. Rxe4
Bxe4 52. Ng5 Bd3 53. Nxh7 b5 54. axb6 axb6 55. Nf6 b5 $19) 51... b5 52. Ng5 Re2
53. Ra3 $2 Ra2 54. Rc3 b4 55. Rc8 Rxh2 56. Nxh7 b3 57. Nf6 b2 58. Nxd5+ exd5
59. Rb8 Rg2 0-1

[Event "Skopje op 18th"]
[Site "Skopje"]
[Date "2002.01.23"]
[Round "9"]
[White "Skembris, Spyridon"]
[Black "Vasovski, Nikola"]
[Result "1-0"]
[WhiteElo "2464"]
[BlackElo "2309"]
[Annotator "Finkel,A"]
[PlyCount "75"]
[EventDate "2002.01.15"]
[EventType "swiss"]
[EventRounds "9"]
[EventCountry "MKD"]
[SourceTitle "CBM 088"]
[Source "ChessBase"]
[SourceDate "2002.03.21"]
[SourceVersion "1"]
[SourceVersionDate "2002.03.21"]
[SourceQuality "1"]

1. d4 d5 2. Bg5 Nd7 3. c4 c6 4. cxd5 cxd5 5. Nc3 Ngf6 6. e3 (6. Qa4 $5 e6 7.
Bxf6 $1 gxf6 8. e4 Bh6 9. exd5 O-O 10. dxe6 Nb6 11. Qc2 Qxd4 12. Bd3 $14 {
Hodgson,J-Arakhamia Grant,K/Palma de Mallorca 1989/TD}) 6... g6 $6 {Onec the
knight is on d7 and c-file is open bishop has nothing to do on g7.} (6... e6 7.
Bd3 Be7 (7... a6 8. a4 Bd6 9. Nf3 h6 10. Bh4 b6 11. Qe2 $14 {Collier,D-Rattray,
R/England 2000/EXT 2001}) 8. Nf3 (8. f4 h6 (8... a6 9. Nf3 b5 10. O-O Bb7 11.
Ne5 O-O 12. Qf3 b4 $14 {Zangiev,P-Sotnikov,I/Briansk 1995/CBM 49}) 9. Bxf6 Nxf6
10. Nf3 a6 11. O-O O-O 12. Ne5 Bd7 13. g4 Ne8 $13 {Castro Rojas,O-Corradine,J/
Fusagasuga 1999/CBM 73}) 8... O-O (8... a6 9. Ne5 Nxe5 10. dxe5 Ne4 11. Bxe7
Nxc3 12. Qg4 Kxe7 13. Qb4+ Ke8 14. bxc3 $14 {Hodgson,J-Davidovic,A/London 1988/
TD}) 9. O-O h6 10. Bh4 a6 11. Qe2 Ne4 12. Bxe7 Nxc3 13. Qc2 Qxe7 14. Qxc3 Nf6
$11 {Meduna,E-Radonjanin,V/Schwaebisch Gmuend 1990/EXT 97}) (6... Ne4 7. Bf4
Ndf6 8. Bd3 e6 9. Nf3 Bd6 10. Ne5 O-O 11. O-O a6 12. Rc1 $14 {Hodgson,J-Del
Mundo,A/Philadelphia 2000}) 7. Nf3 Bg7 8. Bd3 O-O 9. O-O $14 {[%csl Rd7]} b6
10. Rc1 Bb7 11. Qb3 Ne4 $6 {Black pawn on e4 becomes a target for white pieces,
so black should wait with Ne4.} (11... Rc8 12. Rc2 e6 13. Rfc1 Qe7 14. h3 $14)
12. Bxe4 dxe4 13. Nd2 h6 14. Bh4 g5 15. Bg3 e5 (15... Nf6 16. Be5 Re8 17. Nb5
$18 {[%cal Gb5c7]}) 16. Ndxe4 exd4 17. exd4 Nf6 (17... Bxd4 18. Rfd1 Bxc3 19.
Nxc3 $16 {[%cal Gd1d8]}) 18. Nd6 Bc8 19. Rfe1 Be6 20. d5 Bd7 21. Be5 $18 {
In addition to the material advantage white has a huge positional plus, so
there is no doubt about the final result of the game.} Ne8 22. Bxg7 Kxg7 23.
Nce4 f5 24. Nxe8+ Bxe8 25. Nc3 Bf7 26. Qb4 a5 27. Qa3 Re8 28. h3 Rxe1+ 29. Rxe1
Rc8 30. d6 Rc5 31. Rd1 Qd7 32. b4 axb4 (32... Re5 33. bxa5 bxa5 34. Qb2 $1 $18)
33. Qxb4 Kg6 34. Na4 $1 Rb5 35. Nxb6 Qc6 36. Nc8 $1 {[%cal Gc8e7]} Qc2 37. Ne7+
Kh7 38. Qd2 1-0

[Event "Julian Borowski-B 4th"]
[Site "Essen"]
[Date "2002.05.19"]
[Round "4"]
[White "Fridman, Rafael"]
[Black "Appel, Ralf"]
[Result "1/2-1/2"]
[WhiteElo "2378"]
[BlackElo "2512"]
[Annotator "Finkel,A"]
[PlyCount "93"]
[EventDate "2002.05.16"]
[EventType "tourn"]
[EventRounds "9"]
[EventCountry "GER"]
[EventCategory "16"]
[SourceTitle "CBM 090"]
[Source "ChessBase"]
[SourceDate "2002.09.20"]
[SourceVersion "1"]
[SourceVersionDate "2002.09.20"]
[SourceQuality "1"]

1. d4 Nf6 2. Nf3 g6 3. Nc3 d5 4. Bg5 $6 {In this variation bishop belongs to
f4.} Ne4 5. Nxe4 (5. e3 Nxg5 6. Nxg5 Bg7 7. Qf3 f6 8. Nh3 c6 $13 {Johansson,
J-Wiedenkeller,M/Uppsala 1985}) (5. Bh4 Nxc3 6. bxc3 Nd7 7. e3 Nb6 8. Be2 Bg7
9. O-O O-O 10. Rb1 c5 $13 {Hoi,C-Moe,M/Allerod 1984}) 5... dxe4 6. Ng1 Qd5 (
6... Bg7 7. c3 O-O 8. Qc2 h6 9. Bd2 $6 e5 10. dxe5 Nc6 11. Qxe4 Bf5 12. Qa4
Nxe5 $40 {Gondim,J-Idigoras Guisasola,G/Mar del Plata 1956}) 7. Bf4 c5 8. e3 (
8. dxc5 Qxc5 9. Bxb8 Rxb8 10. c3 e3 $15) 8... Bg7 9. Bxb8 $6 {Giving up the
bishop is not the best decision in the position.} (9. c3 Nc6 10. Qa4 O-O 11.
Bc4 $13) 9... Rxb8 10. Bb5+ Kf8 $5 (10... Bd7 11. Bxd7+ Qxd7 12. c3 O-O 13. Ne2
$11) 11. dxc5 (11. Ne2 $5 Bg4 (11... cxd4 12. Nxd4 e5 13. Ne2 $1 Qxb5 $140 $2
14. Qd6+ Ke8 15. Qxb8 $18) 12. Nc3 Qh5 (12... Bxd1 $6 13. Nxd5 Bxc2 14. Rc1 $14
) 13. Qd2 Rd8 $15) 11... Qxd1+ 12. Rxd1 Bxb2 $15 {Now black is clearly better
due to bishops pair and weakness of white pawns on the queenside.} 13. Ne2 Be6
14. Rb1 Be5 (14... Ba3 $5 15. Bc6 Bxc5 16. Rxb7 Rxb7 17. Bxb7 Bxa2 18. Bxe4 Kg7
$15) 15. Nd4 Bxa2 $6 16. Ra1 a6 17. Rxa2 axb5 18. O-O {More logical was to
keep the king in the center.} (18. Ke2 $5 Rc8 $1 (18... Kg7 $6 19. Rb1 $14 {
[%csl Rb5]}) 19. Nb3 Bc3 $1 {[%csl Ga5]} 20. Ra7 Rc7 $15) 18... Rc8 $1 19. Nb3
Bc3 $1 20. Ra7 Rc7 21. Ra8+ Kg7 22. Rxh8 Kxh8 23. Rd1 Kg8 24. g3 f5 {Arising
endgame is very difficult for white.} 25. Rd8+ Kf7 26. Kf1 Bb4 $5 (26... e6 27.
Ke2 h5 $17) 27. Rb8 Kf6 28. Nd4 Bxc5 29. Nxb5 Rd7 30. h4 Ke5 31. Ke2 e6 32. c4
Bb4 ({Deserved attention} 32... b6 $5 33. Rh8 Kf6 34. Ra8 Rd3 $17 {[%cal Gc5b4]
with good winning chances.}) 33. Nd4 Kf6 34. Re8 Be7 35. Rc8 e5 36. Nb5 Kf7 $6
{Permitting white to reorganize his forces.} (36... Bb4 37. Rc7 Rd2+ 38. Kf1
Rd1+ 39. Kg2 Be1 40. Rxb7 Rd2 $17) 37. Nc3 Bd8 38. Rb8 Ke6 39. Nd5 $15 {
Now black may hardly break through.} Kd6 40. Kf1 Ke6 41. Ke2 Kd6 42. Kf1 Kc6
43. Rc8+ Bc7 44. Ke2 b6 45. Ke1 Kb7 46. Re8 Bd6 47. Ke2 $15 1/2-1/2

[Event "Solin 12th"]
[Site "Solin/Split"]
[Date "2004.12.07"]
[Round "5"]
[White "Kovacevic, Blazimir"]
[Black "Godena, Michele"]
[Result "1-0"]
[WhiteElo "2503"]
[BlackElo "2550"]
[Annotator "Finkel,A"]
[PlyCount "149"]
[EventDate "2004.12.03"]
[EventType "tourn"]
[EventRounds "9"]
[EventCountry "CRO"]
[EventCategory "10"]
[SourceTitle "CBM 105"]
[Source "ChessBase"]
[SourceDate "2005.04.11"]
[SourceVersion "1"]
[SourceVersionDate "2005.04.11"]
[SourceQuality "1"]

1. d4 d5 2. Bf4 e6 3. e3 c5 4. c3 Nc6 5. Nd2 Bd6 6. Bxd6 (6. Bg3 Nf6 (6... f5
7. Ngf3 Nf6 8. Ne5 O-O 9. Be2 cxd4 10. Nxc6 bxc6 11. exd4 Rb8 12. Qc2 Ne4 13.
Bxd6 Qxd6 $11 {Lasker,E-Marshall,F/USA 1923}) 7. f4 cxd4 8. exd4 Qc7 9. Qf3 Bd7
10. Bd3 Na5 11. Nh3 Nc4 $132 {Janowski,D-Marshall,F/New York 1916}) 6... Qxd6
7. Qg4 $5 {Strangely enough this active move is aimed to trade the queens
later on.} (7. f4 cxd4 8. cxd4 Nge7 9. Bd3 Bd7 10. a3 f6 $13 {Schlosser,
A-Schimpf,M/Germany 1995}) 7... Kf8 (7... g6 8. Qg3 (8. Ngf3 Qe7 9. Qf4 cxd4
10. exd4 Qf6 11. Qe3 h5 12. Bb5 Bd7 13. Ne5 Nxe5 14. dxe5 Qe7 15. Bd3 $14 {
Rowson,J-Haslinger,S/Scarborough 2004}) 8... Qe7 9. Bb5 (9. Ngf3 Nf6 10. Bb5
$14) 9... Nh6 10. Ngf3 Nf5 11. Qf4 f6 12. h4 O-O 13. Bxc6 bxc6 $132 {Winants,
L-Sakaev,K/Rethymnon 2003}) 8. Ngf3 (8. f4 cxd4 9. exd4 e5 10. fxe5 Qxe5+ 11.
Qe2 Qd6 12. Qf3 Nf6 $13 {Kovacevic,B-Makarov,M/Zadar 2003}) 8... Nh6 $6 {
[%csl Rh6] The knight is misplaced on h6, so it was better to develop it on f6.
} (8... Nf6) 9. Qg3 Qxg3 10. hxg3 cxd4 11. exd4 Ng4 {Black has to waste 2
tempi to fix the consequances of his inaccuracy on move 8, however this waste
of time proves to be of minor importance.} (11... Nf5 12. Bd3 Nd6 13. Ne5 Ke7
14. Nxc6+ bxc6 15. Nb3 $14) 12. Bb5 Bd7 13. Nb3 b6 {[%csl Gc5]} (13... Ke7 14.
Nc5 Rab8 15. Rh4 Nf6 16. Bd3 h6 17. Ne5 $14) 14. Rh4 Nf6 15. Bd3 Ke7 16. Ne5 h6
17. Ke2 Rhc8 ({Deserved attention} 17... a5 $5 18. f4 a4 19. Nd2 a3 20. b3 Rhc8
$132 {[%csl Rc3] putting a pressure on c3.}) 18. f4 Ne8 19. g4 f6 (19... Nd6)
20. Nxd7 Kxd7 21. g5 hxg5 22. fxg5 f5 (22... Kd6 23. Rf1 Rc7 24. Bg6 fxg5 25.
Rh8 Re7 26. Rff8 Kd7 {[%cal Ge6e5]} 27. Rhg8 e5 28. Kd2 $14) 23. Rh7 Ne7 24.
Bb5+ Kd6 25. Nd2 (25. Bxe8 $6 Rxe8 26. Rxg7 Rg8 $15 {[%csl Rg5]}) 25... Nc7 26.
Bd3 Rg8 27. Nf3 Ng6 28. Ke3 Rae8 {[%cal Ge6e5]} (28... Raf8 29. Re1 a6 30. g3
b5 31. Nh4 Nxh4 32. gxh4 Rh8 $132) 29. g4 Nf8 30. Rh4 fxg4 31. Ne5 Nd7 32. Bg6
Rb8 (32... Re7) 33. Nxg4 Rh8 34. Rah1 Rxh4 35. Rxh4 e5 36. Rh7 exd4+ 37. cxd4
Ne6 38. Bf7 Ndf8 (38... Nxg5 39. Rxg7 Nxf7 40. Rxf7 Re8+ 41. Kd3 Rh8 $11) 39.
Rh5 Rb7 $6 (39... Rc8 {[%csl Rb2,Rd4][%cal Gc8c2,Gc8c4]}) 40. g6 Re7 41. Ne5
Nd7 42. Nxd7 Rxd7 43. Rf5 Re7 44. Kd3 Nc7 45. Bg8 Re8 46. Bf7 Re7 47. Rh5 Ne6
48. Rh4 Nd8 49. Rf4 Re1 50. Rf5 Ne6 51. Bxe6 Rxe6 52. Rf7 Rxg6 53. Rxa7 Rg3+
54. Kd2 g5 55. a4 g4 56. Rg7 Kc6 (56... Ke6 $5 57. Rg6+ Kf5 58. Rxb6 Ke4 59. a5
Rg1 60. a6 g3 61. Rg6 Kxd4 $11) 57. Rg6+ Kc7 58. Kc2 Rg1 $6 (58... Kb7 59. Rd6
Rg2+ 60. Kc3 g3 61. Rxd5 Rg1 62. Rg5 g2 63. Kb4 Rd1 $11) 59. Kc3 g3 $6 (59...
Rc1+ $1 60. Kb3 Rg1 61. Kb4 Rg2 62. b3 Rg3 $11) 60. Kb4 $16 Rd1 61. Rxg3 Rxd4+
62. Kb5 Rd2 63. Rg7+ Kd6 $2 (63... Kb8 $8 64. b4 Rd4 65. Rg6 Ka7 66. Rd6 Rh4
67. Rd7+ Kb8 68. Rxd5 Ka7 69. Rd7+ Kb8 $11) 64. b4 Rb2 65. Rg6+ Kc7 66. Rc6+
Kd7 67. Rxb6 $18 d4 68. Rg6 d3 69. Rg3 d2 70. Rd3+ Kc7 71. a5 Ra2 72. a6 Kc8
73. Kb6 Rb2 74. b5 Ra2 75. a7 1-0